Movies Quiz

Random Movies Quiz

Movie Taglines: Johnny Depp Quiz Stats

Quiz not verified by Sporcle

Challenge
Share
Tweet
Score 0/55 Timer 10:00
2 Plays Today
% Correct
Charlie and the Chocolate Factory (2005)
80.8%
Fantastic Beasts and Where to Find Them (2016)
77.5%
Sweeney Todd: The Demon Barber of Fleet Street (2007)
71.9%
Pirates of the Caribbean: At World's End (2007)
71.4%
21 Jump Street (2012)
71.4%
Pirates of the Caribbean: Dead Man's Chest (2006)
69.6%
Alice in Wonderland (2010)
68.5%
Chocolat (2000)
64.6%
Jack and Jill (2011)
63.5%
Platoon (1986)
61.7%
Ed Wood (1994)
60.4%
Fear and Loathing in Las Vegas (1998)
58.8%
Public Enemies (2009)
58.5%
The Imaginarium of Doctor Parnassus (2009)
57.7%
Cry-Baby (1990)
54.9%
Corpse Bride (2005)
54.9%
Transcendence (2014)
54.9%
Pirates of the Caribbean: On Stranger Tides (2011)
54.3%
Pirates of the Caribbean: The Curse of the Black Pearl (2003)
52.5%
Nick of Time (1995)
51.7%
Donnie Brasco (1997)
50.9%
Sleepy Hollow (1999)
50.1%
Edward Scissorhands (1990)
48.3%
Private Resort (1985)
45.4%
Alice Through the Looking Glass (2016)
45.4%
Mortdecai (2015)
45.1%
The Lone Ranger (2013)
44.1%
Finding Neverland (2004)
41.5%
% Correct
Yoga Hosers (2016)
40.2%
Benny & Joon (1993)
38.3%
Dark Shadows (2012)
38.1%
What's Eating Gilbert Grape (1993)
35.4%
Rango (2011)
35.2%
Freddy's Dead: The Final Nightmare (1991)
34.1%
The Libertine (2004)
34.1%
The Rum Diary (2011)
33.9%
Into the Woods (2014)
33.3%
A Nightmare on Elm Street (1984)
31%
Blow (2001)
30.7%
The Tourist (2010)
29.4%
Black Mass (2015)
29.2%
Secret Window (2004)
28.6%
The Ninth Gate (1999)
27%
Don Juan DeMarco (1994)
24.9%
...And They Lived Happily Ever After (2004)
24.9%
From Hell (2001)
24.7%
The Astronaut's Wife (1999)
23.6%
The Brave (1997)
23.1%
Before Night Falls (2000)
21.8%
Once Upon a Time in Mexico (2003)
21.3%
Arizona Dream (1992)
21%
Dead Man (1995)
20.5%
The Man Who Cried (2000)
16.5%
Lucky Them (2013)
15.2%
Tusk (2014)
14.7%

You're not logged in!

Compare scores with friends on all Sporcle quizzes.
Join for Free
OR
Log In

You Might Also Like...

Show Comments

Extras

Top Quizzes Today


Score Distribution

Your Account Isn't Verified!

In order to create a playlist on Sporcle, you need to verify the email address you used during registration. Go to your Sporcle Settings to finish the process.

Report this User

Report this user for behavior that violates our Community Guidelines.

Details: